000 00491nam a2200193Ia 4500
008 101110s9999 xx 000 0 und d
041 _aENGLISH
082 _bSR4514
_a380
100 _aBayley, Hume G.
245 _aManual of Commercial Correspondence
365 _b10.5
520 _aCommerce
546 _aENGLISH
630 _aManual of Commercial Correspondence
650 _aCommerce
655 _aCommerce
730 _aManual of Commercial Correspondence
942 _cBOOK
999 _c800708
_d800705